| 000 | 00612nam a22002057a 4500 | ||
|---|---|---|---|
| 005 | 20251108165512.0 | ||
| 008 | 250721s1996 xx 000 0 ara d | ||
| 082 | 1 | 4 | _aم/915.64/روب |
| 100 | 1 | _aروبرتس، دافيد | |
| 245 | 1 | 0 | _aالأراضي المقدسة بين الإمس واليوم / |
| 264 | 1 |
_aطرابلس : _bجروس برس، _c1996. |
|
| 300 | _a269ص0 | ||
| 650 | 1 | 7 | _aفلسطين |
| 650 | 1 | 7 | _aلبنان |
| 650 | 1 | 7 | _aالرحلات |
| 700 | 1 |
_aسرور، كاترين _eترجمه |
|
| 700 | 1 |
_aبوربون، فابيو _eتحرير |
|
| 942 |
_2ddc _cREF |
||
| 999 |
_c29433 _d29433 |
||